000 01388nam a2200289Ia 4500
999 _c53795
_d53795
001 20845
003 GE_BSU
005 20210507201834.0
008 181216s2012||||ge |||||||||||||| || ||
020 _a9789941155444
040 _cGE_BSU
041 _ageo
080 _a821.521-31 ა-16
100 _aაბე, კობო
_911756
245 _aქალი ქვიშაში ; ადამიანი-ყუთი :
_bრომანები /
_cკობო აბე ; მთარგმნ. : აკაკი ბრეგაძე, ლილი მჭედლიშვილი ; რედ. რუსუდან გორგაძე.
264 _aთბილისი :
_bბაკურ სულაკაურის გამ-ბა,
_c2012.
300 _a335 გვ. ;
_c22 სმ.
490 _aმსოფლიო კლასიკა
541 _h11ლ.68თ.
653 _aმხატვრული ლიტერატურა
653 _aქალი ქვიშაში
653 _aადამიანი-ყუთი
700 _aბრეგაძე, აკაკი
_eმთარგმნელი
_911757
700 _aმჭედლიშვილი, ლილი
_eმთარგმნელი
_911758
700 _aგორგაძე, რუსუდან
_eრედაქტორი
_97136
942 _cBK
_2udc